Convertibilidad del austral (Registro nro. 5458)
[ vista simple ]
| 000 -LEADER | |
|---|---|
| fixed length control field | 01391 a2200205 4500 |
| 001 - CONTROL NUMBER | |
| control field | 54289 |
| 005 - DATE AND TIME OF LATEST TRANSACTION | |
| control field | 20260407155814.0 |
| 008 - FIXED-LENGTH DATA ELEMENTS--GENERAL INFORMATION | |
| fixed length control field | 260407a1991 arg spa d |
| 003 - CONTROL NUMBER IDENTIFIER | |
| control field | AR-UNSa-BCEJYS |
| 040 ## - CATALOGING SOURCE | |
| Original cataloging agency | AR-UNSa-BCEJYS |
| Language of cataloging | spa |
| Transcribing agency | AR-UNSa-BCEJYS |
| 080 ## - UNIVERSAL DECIMAL CLASSIFICATION NUMBER | |
| Universal Decimal Classification number | 339.744 |
| Common auxiliary subdivision | Convertibilidad |
| 020 ## - INTERNATIONAL STANDARD BOOK NUMBER | |
| International Standard Book Number | 950-572-219-2 |
| 100 1# - MAIN ENTRY--PERSONAL NAME | |
| Personal name | Moisset de Espanés, Luis |
| 245 10 - TITLE STATEMENT | |
| Title | Convertibilidad del austral |
| Name of part/section of a work | estudios jurídicos |
| 264 #1 - PRODUCTION, PUBLICATION, DISTRIBUTION, MANUFACTURE, AND COPYRIGHT NOTICE | |
| Place of production, publication, distribution, manufacture | Buenos Aires : |
| Name of producer, publisher, distributor, manufacturer | Víctor P. de Zavalía |
| Date of production, publication, distribution, manufacture, or copyright notice | 1991 |
| 300 ## - PHYSICAL DESCRIPTION | |
| Extent | 244 p. |
| Dimensions | 23 cm. |
| 505 ## - FORMATTED CONTENTS NOTE | |
| Formatted contents note | 1. La ley de convertibilidad: su incidencia en la registración inmobiliaria – 2. Repercusión de la ley 23.928 (convertibilidad del austral) en el derecho de familia y en el derecho sucesorio – 3. La ley 23.928 y los honorarios profesionales – 4. La ley de convertibilidad y contratación de locaciones en moneda extranjera – 5. Aproximación a algunos aspectos del régimen de la ley 23.928 (la llamada ley de convertibilidad) – 6. Ley de convertibilidad. Algunas consideraciones de naturaleza jurídica en el campo de los contratos administrativos – 7. Los alquileres pactados en moneda extranjera. Distinción con el dólar – 8. Incidencias de la ley de convertibilidad en la actividad notarial – 9. La ley de convertibilidad: determinación del precio y cláusulas de estabilización |
| 590 ## - LOCAL NOTE (RLIN) | |
| Local note | niveau_biblio:m niveau_hierar:0 |
| 942 ## - ADDED ENTRY ELEMENTS (KOHA) | |
| Koha item type | |
| Withdrawn status | Lost status | Damaged status | Not for loan | Home library | Current library | Shelving location | Date acquired | Total checkouts | Full call number | Barcode | Date last seen | Price effective from | Koha item type |
|---|---|---|---|---|---|---|---|---|---|---|---|---|---|
| Biblioteca Prof. Eusebio Cleto del Rey | Biblioteca Prof. Eusebio Cleto del Rey | 07/04/2026 | 339.744 M714 v.4 | L58860 | 07/04/2026 | 07/04/2026 | Libro |